|
|
|
|
| LEADER |
00000cam a2200000 a 4500 |
| 001 |
vtls001477325 |
| 003 |
SK-MaSNL |
| 005 |
20260301094834.0 |
| 008 |
240226s2003 xo ab grfn 000 0 slo |
| 015 |
|
|
|a SNBA2004/12-06658
|
| 020 |
|
|
|a 8080693005
|q (brožované)
|
| 035 |
|
|
|a SNK000432625
|
| 035 |
|
|
|a urn:nbn:sk:snk-am3j2te
|
| 035 |
|
|
|a C57CE6CB-2F28-46CC-99FC-6FAC8BF59D1F
|
| 035 |
|
|
|a urn:nbn:sk:snk-am00gfwv
|
| 040 |
|
|
|a SNK
|b slo
|c SNK
|e AACR2
|
| 041 |
0 |
|
|a slo
|
| 044 |
|
|
|a xo
|c SK
|
| 072 |
|
7 |
|a 634
|x Ovocinárstvo
|2 konspekt
|
| 080 |
|
|
|a 634.1/.8
|2 1997
|
| 080 |
|
|
|a 634.11
|2 1997
|
| 080 |
|
|
|a 664.8.03
|2 1997
|
| 080 |
|
|
|a (035)
|2 1997
|
| 080 |
|
|
|a 634
|2 2011
|
| 080 |
|
|
|a 634.11
|2 2001
|
| 080 |
|
|
|a 634.11
|2 2011
|
| 080 |
|
|
|a (035)
|2 2011
|
| 100 |
1 |
|
|a Michálek, Samuel
|4 aut
|9 208256
|
| 245 |
1 |
0 |
|a Jabloň
|b biológia, pestovanie, využívanie
|c Samuel Michálek a kolektív
|
| 250 |
|
|
|a 1. vyd.
|
| 260 |
|
|
|a Nitra
|b Slovenská poľnohospodárska univerzita
|c 2003
|
| 300 |
|
|
|a 217 strán, [49] tabuľkových príloh, [32] strán obrazových príloh
|b ilustrácie, mapy, tabuľky
|c 25 cm
|
| 366 |
|
|
|e 400 kusov
|
| 490 |
1 |
|
|a Ochrana agrobiodiverzity
|v 3
|
| 504 |
|
|
|a Bibliografia na strane 213-214
|
| 650 |
0 |
7 |
|a ovocinárstvo
|2 SNKPH
|9 16370
|
| 650 |
0 |
7 |
|a jablone
|2 SNKPH
|9 14762
|
| 650 |
0 |
7 |
|a pestovanie
|2 SNKPH
|9 336890
|
| 650 |
0 |
7 |
|a jablká
|2 SNKPH
|9 30825
|
| 655 |
|
7 |
|a príručky
|2 SNKPH
|9 74364
|
| 830 |
|
0 |
|a Ochrana agrobiodiverzity
|9 429239
|
| 919 |
|
|
|a 80-8069-300-5
|
| 958 |
|
|
|a TL
|
| 958 |
|
|
|a NB
|
| 958 |
|
|
|a OND
|
| 999 |
|
|
|c 681453
|d 683383
|
| 952 |
|
|
|t P60, <03>, [BOOK], {603}, -K-
|a SNK
|b SNK
|y PREZ
|7 0
|p 17A0435058
|o snkSC 116326
|i snkKSP 8362/2004
|0 0
|1 0
|4 0
|d 2004-06-24
|f 1
|l 0
|r 2025-10-16 00:00:00
|w 2026-02-23
|
| 952 |
|
|
|t P60, <04>, [BOOK], {604}
|a SNK
|b SNK
|y VYP
|7 0
|p 17A0435059
|o snkSC 116326 D1
|i snkKSP 8363/2004
|0 0
|1 0
|4 0
|d 2004-06-24
|l 0
|r 2005-01-02 00:00:00
|w 2026-02-23
|